000 00235nam a2200109Ia 4500
100 _a#N/A
942 _cBK
245 _aDigital Signal Processing with FIELD Programmable GateArrays
260 _b#N/A
546 _aENGLISH
999 _c34469
_d34469